000
00315nam a22001337a 4500
003
SGT
020
_a
978-0-340-92889--
082
_a
616.89
_b
C15D
100
_a
DAVEY, GRAHM
245
_a
CLINICAL PSYCHOLOGY TOPICS IN APPLIED PSYCHOLOGY
260
_a
LONDON
_b
ROUTLEDGE
_c
2015
300
_a
275
942
_2
ddc
_c
BK
999
_c
18103
_d
18103